Aspecto fiscal y laboral del outsourcing

Detalles Bibliográficos
Autor principal: Martn̕ez Gutiřrez, Javier
Formato: eBook
Lenguaje:español
Publicado: Ciudad de Mx̌ico: Ediciones Fiscales ISEF, 2020
Materias:
Acceso en línea:Acceso restringido

MARC

LEADER 00000nam a22000007a 4500
005 20200603150712.0
007 cr|||| ||||
008 200603s2020 mx |||||s|||| 00||0 spa d
020 |a 978-607-541-232-0 
035 |a 31623 
040 |a vLex 
090 |c 10512  |d 10512 
100 1 |a Martn̕ez Gutiřrez, Javier 
245 1 0 |a Aspecto fiscal y laboral del outsourcing  |h [Recurso electrn̤ico] /  |c Javier Martn̕ez Gutiřrez 
256 |a Servicio en ln̕ea 
260 |a Ciudad de Mx̌ico:  |b Ediciones Fiscales ISEF,  |c 2020 
300 |a 1 recurso electrn̤ico 
506 1 |a Disponible solo en los productos indicados  |d vLex Global  |d vLex Global (Academic Edition, excluding Law Schools)  |d vLex Global (U.S. Academic Edition, Law Schools)  |d vLex Global (U.S. Academic Edition, excluding Law Schools)  |d vLex Global (Academic Edition, Law Schools) 
650 0 4 |a Derecho Tributario  |z Mx̌ico 
650 0 4 |a Derecho Laboral y Seguridad Social  |z Mx̌ico 
740 0 |a vLex Libros (Servicio en ln̕ea) 
856 4 0 |u http://vlex.com/source/aspecto-fiscal-laboral-outsourcing-31623  |z Acceso restringido 
942 |c BOOK 
999 0 |a Tax Law 
999 0 |a Labor Law and Social Security